Sports Quiz

Random Sports or Spanish Quiz

Spanish Riders at the World Championship Road Race Quiz Stats

 Plays Quiz not verified by Sporcle

Score 0/89 Timer 15:00
0 Plays Today
Race Rider % Correct
2019Alejandro Valverde
100%
2019Jonathan Castroviejo
100%
2019Imanol Erviti
100%
2019Gorka Izagirre
100%
2019Ion Izagirre
100%
2019Jose Joaquin Rojas
100%
2019Luis Leon Sanchez
100%
2019Marc Soler
100%
2012Alejandro Valverde
96%
2013Alejandro Valverde
96%
2014Alejandro Valverde
96%
2015Alejandro Valverde
96%
2018Alejandro Valverde
96%
2012Joaquim Rodriguez
92%
2013Joaquim Rodriguez
92%
2014Joaquim Rodriguez
92%
2015Joaquim Rodriguez
92%
2015Lluis Mas
88%
2017Lluis Mas
88%
2018Enric Mas
88%
2018Mikel Nieve
88%
2010Luis Leon Sanchez
84%
2010Samuel Sanchez
84%
2011Luis Leon Sanchez
84%
2012Alberto Contador
84%
2012Samuel Sanchez
84%
2013Alberto Contador
84%
2013Luis Leon Sanchez
84%
2013Samuel Sanchez
84%
2014Luis Leon Sanchez
84%
Race Rider % Correct
2015Luis Leon Sanchez
84%
2017Luis Leon Sanchez
84%
2010Oscar Freire
80%
2011Oscar Freire
80%
2011Jose Joaquin Rojas
80%
2012Jonathan Castroviejo
80%
2012Oscar Freire
80%
2013Jonathan Castroviejo
80%
2014Jonathan Castroviejo
80%
2016Jonathan Castroviejo
80%
2017Jonathan Castroviejo
80%
2017Jose Joaquin Rojas
80%
2018Jonathan Castroviejo
80%
2014Daniel Navarro
76%
2011Juan Antonio Flecha
72%
2012Juan Antonio Flecha
72%
2013Jose Herrada
72%
2014Jesus Herrada
72%
2014Ion Izagirre
72%
2015Ion Izagirre
72%
2017Jesus Herrada
72%
2017Gorka Izagirre
72%
2018Jesus Herrada
72%
2018Ion Izagirre
72%
2012Daniel Moreno
68%
2013Daniel Moreno
68%
2014Daniel Moreno
68%
2015Daniel Moreno
68%
2016David de la Cruz
68%
2016Omar Fraile
68%
Race Rider % Correct
2017David de la Cruz
68%
2018David de la Cruz
68%
2018Omar Fraile
68%
2010Imanol Erviti
56%
2010Haimar Zubeldia
56%
2011Imanol Erviti
56%
2014Imanol Erviti
56%
2015Imanol Erviti
56%
2016Imanol Erviti
56%
2017Imanol Erviti
56%
2017Marc Soler
56%
2010Ruben Plaza
52%
2015Ruben Plaza
52%
2019Ivan Garcia Cortina
50%
2010Carlos Barredo
48%
2011Carlos Barredo
48%
2010Juan Manuel Garate
44%
2011Juan Manuel Garate
44%
2011Pablo Lastras
44%
2012Pablo Lastras
44%
2016Luis Angel Mate
44%
2015Juan Jose Lobato
40%
2016Carlos Barbero
40%
2016Juan Jose Lobato
40%
2013Egoi Martinez
36%
2010Francisco Jose Ventoso
32%
2016Francisco Jose Ventoso
32%
2011Vicente Reynes
20%
2016Diego Rubio
20%

You're not logged in!

Compare scores with friends on all Sporcle quizzes.
OR
Log In

Sporcle TV

Today on Sporcle TV


Watch our educational content, quiz creation guides, and fun videos on Sporcle TV.

Show Comments

Extras

Top Quizzes Today


Score Distribution

Your Account Isn't Verified!

In order to create a playlist on Sporcle, you need to verify the email address you used during registration. Go to your Sporcle Settings to finish the process.

Report this User

Report this user for behavior that violates our Community Guidelines.

Details: